LEADER 01453nam a2200241 a 4500 001 000000104519 003 CaOOAMICUS 005 20070330161311.0 008 070330s2005 it m 000 0 fre d 040 $aPUL$bita$dLDB 100 1 $aMbala K. Nason, Robert.$0(OLS)http://pul/name/64168 245 10$aContribution du charisme josephite dans la construction de l'eglise-famille de Dieu en Afrique :$bune approche à la lumière du Synode das Evêque pour l'Afrique (1994) et de l'exhortation Post-synodale Ecclesia in Africa (1995) /$cRobert Mbala K. Nason. 260 $aRoma :$bPontificia Università Lateranense,$c2005. 300 $a191 p. ;$c24 cm 500 $aSul front. :Extrait de la thèse de Doctorat. 502 $aDiss. (Doct.)--Pontificia Università Lateranense, 2005. 504 $aBibliografia: p. [167]-186. 650 14$aSinodi dei vescovi$zAfrica.$0(OLS)http://pul/subject/28094 850 $aPUL 852 $aPUL$W1$xDP1 Tesi Pon Univ. Lateranense$y41$mTH PUL 1491$j116955$qTesi$B116948$CPULBib$Z2$F116948 $H103597 $82 941 1 $a16 996 $6245$aContribution du charisme josephite dans la construction de l'eglise-famille de Dieu en Afrique :$bune approche à la lumière du Synode das Evêque pour l'Afrique (1994) et de l'exhortation Post-synodale Ecclesia in Africa (1995)$9(OLS)http://pul/title/131476 996 $6260$aRoma :$bPontificia Università Lateranense$9(OLS)http://pul/publisher/47963 LEADER 01096nam a2200277 a 4500 001 000000170827 003 CaOOAMICUS 005 20181128160033.0 008 181128s1940 it 000 u ita r 032 $aLibriCat 040 $aPul$bita 110 1 $aGermania.$0(OLS)http://pul/name/28094 245 13$aLe leggi razziali tedesche / $ccon introduzione note e traduzione di Giancarlo Ballarati. 250 $a2. edizione. 260 $aMilano :$bDottrina Fascista,$c©1940. 300 $a196 p. ; $c20 cm. 490 1 $aQuaderni di mistica fascista ;$v02 650 4$aEbrei.$0(OLS)http://pul/subject/5307 650 4$aLeggi razziali$zGermania.$0(OLS)http://pul/subject/45785 830 0$aQuaderni di mistica fascista ;$v02.$0(OLS)http://pul/title/211660 850 $aPUL 852 $aPUL$W1$xDP1 Fondo Ciprotti$y59$m1531 A 6$j193962$qFondi$B199329$CPULBib$Z2$F199329 $81 941 1 $a1 996 $6245$aLe leggi razziali tedesche / $9(OLS)http://pul/title/211659 996 $6260$aMilano :$bDottrina Fascista$9(OLS)http://pul/publisher/87054